[Event "CoshCh"]
[Site "?"]
[Date "1979.??.??"]
[Round "?"]
[White "Coppin, Brian"]
[Black "Brameld, Arthur F"]
[Result "0-1"]
[WhiteElo "1655"]
[BlackElo "2135"]
[PlyCount "113"]
[EventDate "1979.??.??"]
[EventType "simul"]
[EventRounds "5"]

1. e4 Nf6 2. d3 e5 3. Bg5 h6 4. Bh4 Be7 5. Nc3 c6 6. Nf3 d6 7. d4 exd4 8. Nxd4 Nxe4 9. Nxe4 Bxh4 10. Nf3 Be7 11. Qd4 O-O 12. O-O-O d5 13. Ng3 Bf6 14. Qd3 Qb6 15. Nd4 Bxd4 16. Qxd4 Qxd4 17. Rxd4 Be6 18. Nh5 c5 19. Rd3 Nc6 20. Rg3 g6 21. Nf6+ Kg7 22. Nh5+ Kh8 23. Nf6 Rad8 24. h4 h5 25. Be2 Nd4 26. Bd1 Bf5 27. c3 Ne6 28. Bf3 d4 29. Nd5 dxc3 30. bxc3 Rd6 31. Rd1 Rfd8 32. Ne3 Rxd1+ 33. Nxd1 Nf4 34. Nb2 b5 35. Bd1 a5 36. a3 Kh7 37. Bf3 f6 38. Bd1 c4 39. Bf3 b4 40. axb4 axb4 41. Bd1 b3 42. Re3 Bd3 43. Bf3 Nd5 44. Bxd5 Rxd5 45. Re7+ Kh6 46. Nd1 Ra5 47. Rb7 Ra1+ 48. Kd2 Ra2+ 49. Ke3 Re2+ 50. Kd4 Rd2 51. Ne3 Rxf2 52. Nxc4 Bc2 53. Nd6 Rf4+ 54. Ke3 Rxh4 55. Nf7+ Kg7 56. Ne5+ Kf8 57. Nxg6+ 0-1

[Event "SRCSSC"]
[Site "?"]
[Date "1979.??.??"]
[Round "?"]
[White "Brameld, Arthur F"]
[Black "Corallo, D."]
[Result "1-0"]
[WhiteElo "2135"]
[BlackElo "2000"]
[PlyCount "93"]
[EventDate "1979.??.??"]
[EventType "game"]

1. e4 c5 2. Nf3 Nc6 3. b4 cxb4 4. d4 d5 5. exd5 Qxd5 6. c4 bxc3 7. Nxc3 Qd8 8. d5 Nb8 9. Bb5+ Bd7 10. O-O Qa5 11. Qb3 Bxb5 12. Qxb5+ Qxb5 13. Nxb5 Na6 14. Re1 Nf6 15. Nd6+ Kd7 16. Nxf7 Rg8 17. N3e5+ Kc8 18. Rd1 Nc7 19. d6 exd6 20. Ba3 d5 21. Bxf8 Rxf8 22. Nd6+ Kd8 23. Nxb7+ Ke7 24. Re1 Ne6 25. Rac1 Rfc8 26. Nc6+ Kd7 27. Nba5 Ne4 28. f3 N4c5 29. Ne5+ Kd6 30. Rcd1 d4 31. Nf7+ Ke7 32. Ng5 Kf6 33. Nxe6 Nxe6 34. Nb3 Rc4 35. Re4 Rac8 36. h4 Ra4 37. Rde1 Nc5 38. Rf4+ Kg6 39. Rc1 Nxb3 40. Rxc8 Rxa2 41. Rc6+ Kh5 42. Kh2 g5 43. Rf5 d3 44. Kh3 Rxg2 45. Kxg2 Nd4 46. Rxg5+ Kxh4 47. Rg4+ 1-0

[Event "Ports Lge"]
[Site "?"]
[Date "1979.??.??"]
[Round "?"]
[White "Zuidema, Coenrad"]
[Black "Brameld, Arthur F"]
[Result "1-0"]
[WhiteElo "2310"]
[BlackElo "2135"]
[PlyCount "113"]
[EventDate "1979.??.??"]
[EventType "swiss"]

1. e4 Nf6 2. e5 Nd5 3. d4 d6 4. Nf3 g6 5. Be2 Bg7 6. c4 Nb6 7. exd6 cxd6 8. h3 O-O 9. O-O Bf5 10. Nc3 Nc6 11. Be3 d5 12. c5 Nc4 13. Bxc4 dxc4 14. Qa4 Bd3 15. Rfd1 Nxd4 16. Bxd4 Bxd4 17. Rxd3 Bxf2+ 18. Kxf2 cxd3 19. Rd1 Qc7 20. Qc4 b6 21. b4 bxc5 22. Nd5 Qb7 23. bxc5 Rac8 24. c6 e6 25. cxb7 Rxc4 26. Nf6+ Kg7 27. Nd7 Rb4 28. Rxd3 Rxb7 29. Nxf8 Kxf8 30. Ra3 Ke7 31. Nd4 Kd7 32. Rb3 Rc7 33. Ke3 e5 34. Nb5 Rc2 35. Rd3+ Kc6 36. Rc3+ Rxc3+ 37. Nxc3 f5 38. g4 h5 39. g5 Kc5 40. h4 Kc4 41. Ne2 a5 42. Nc1 a4 43. Nd3 Kd5 44. a3 f4+ 45. Ke2 Kd4 46. Nb2 e4 47. Nxa4 e3 48. Nb2 Ke4 49. Nd1 f3+ 50. Ke1 Kd3 51. a4 e2 52. Nf2+ Kc4 53. Nh3 Kb4 54. Nf4 Kc4 55. Nxg6 Kd4 56. Nf4 Ke3 57. Nh3 1-0

[Event "BrChQual"]
[Site "?"]
[Date "1979.??.??"]
[Round "?"]
[White "Buckmaster, Martin J"]
[Black "Brameld, Arthur F"]
[Result "0-1"]
[WhiteElo "2000"]
[BlackElo "2135"]
[PlyCount "36"]
[EventDate "1979.??.??"]
[EventType "simul"]
[EventRounds "4"]

1. e4 Nf6 2. e5 Nd5 3. d4 d6 4. c4 Nb6 5. f4 g5 6. exd6 Qxd6 7. c5 Qe6+ 8. Qe2 Nd5 9. Qxe6 Bxe6 10. fxg5 Bg7 11. Nf3 O-O 12. Nc3 Nb4 13. Kd1 N8c6 14. Be3 Rad8 15. Ne2 Bxa2 16. Kd2 e5 17. Kc3 a5 18. b3 Nd5+ 0-1

[Event "BrChQual"]
[Site "?"]
[Date "1979.??.??"]
[Round "?"]
[White "Wells, Peter K"]
[Black "Brameld, Arthur F"]
[Result "1-0"]
[WhiteElo "2030"]
[BlackElo "2135"]
[PlyCount "81"]
[EventDate "1979.??.??"]
[EventType "simul"]
[EventRounds "4"]

1. c4 Nf6 2. Nc3 d5 3. d4 g6 4. Nf3 Bg7 5. e3 O-O 6. b4 a5 7. b5 c5 8. bxc6 Nxc6 9. Ba3 Re8 10. Rc1 Bg4 11. Nxd5 Nxd5 12. cxd5 Qxd5 13. Bc4 Bxf3 14. Bxd5 Bxd1 15. Bxc6 bxc6 16. Kxd1 Rad8 17. Ke2 e5 18. dxe5 Rxe5 19. Rxc6 Red5 20. Rc2 Bf6 21. Rhc1 Kg7 22. Bb2 a4 23. Bxf6+ Kxf6 24. Rc6+ Kg7 25. R1c2 Rb8 26. Ra6 Rb4 27. a3 Rh4 28. h3 Rb5 29. f4 g5 30. Rxa4 Rb3 31. Ra2 h5 32. Kf3 f6 33. Rb4 Rc3 34. fxg5 Rxb4 35. gxf6+ Kxf6 36. axb4 Rb3 37. Ra4 Rb2 38. Ra6+ Kf5 39. g4+ hxg4+ 40. hxg4+ Kg5 41. Ra5+ 1-0

[Event "CoshCh"]
[Site "?"]
[Date "1979.??.??"]
[Round "?"]
[White "Brameld, Arthur F"]
[Black "Webb, J."]
[Result "1-0"]
[WhiteElo "2135"]
[BlackElo "1640"]
[PlyCount "83"]
[EventDate "1979.??.??"]
[EventType "simul"]
[EventRounds "5"]

1. e4 c5 2. Nf3 d6 3. d4 cxd4 4. Qxd4 Nc6 5. Bb5 e5 6. Qd3 Qc7 7. Nc3 a6 8. Nd5 Qd8 9. Be3 axb5 10. Bb6 Qd7 11. Nc7+ Ke7 12. Nxa8 Nb4 13. Qc3 Na6 14. Nc7 Nxc7 15. Qxc7 Qxc7 16. Bxc7 h6 17. O-O-O Kd7 18. Bb8 Kc6 19. Rd3 Nf6 20. Rc3+ Kd7 21. Nxe5+ dxe5 22. Rd1+ Bd6 23. Rc7+ Kd8 24. Rxd6+ Nd7 25. Rd3 b4 26. c3 b3 27. axb3 Re8 28. Rc5 f6 29. Rcd5 Re6 30. Rd6 Rxd6 31. Bxd6 Ke8 32. b4 b6 33. Bc7 Bb7 34. f3 b5 35. Kd2 h5 36. b3 g5 37. c4 Ke7 38. c5 g4 39. Ke3 Nf8 40. Bd6+ Ke8 41. Bxf8 Kxf8 42. Rd6 1-0

[Event "NatClubPlate"]
[Site "?"]
[Date "1980.??.??"]
[Round "?"]
[White "Parr, Frank"]
[Black "Brameld, Arthur F"]
[Result "1-0"]
[WhiteElo "2200"]
[BlackElo "2135"]
[PlyCount "91"]
[EventDate "1980.??.??"]
[EventType "game"]

1. d4 Nf6 2. Nf3 e6 3. c4 c5 4. d5 b5 5. dxe6 fxe6 6. cxb5 d5 7. e3 Bd6 8. Nc3 O-O 9. Bd3 Bb7 10. Qe2 Nbd7 11. e4 d4 12. Nb1 Qc7 13. Na3 Bf4 14. g3 Qa5+ 15. Nd2 Bh6 16. O-O Qc7 17. Nac4 Ne5 18. Nxe5 Qxe5 19. Nc4 Qc7 20. f4 Rad8 21. Bd2 Nd7 22. Rac1 Rc8 23. Ba5 Nb6 24. Rc2 Qe7 25. Bxb6 axb6 26. Nxb6 Rc7 27. Nc4 g5 28. Qh5 Qg7 29. Rg2 Kh8 30. fxg5 Rxf1+ 31. Bxf1 Bxg5 32. Qe8+ Qg8 33. Qxg8+ Kxg8 34. Bd3 Rd7 35. Re2 Kg7 36. a4 Rf7 37. Rf2 Rd7 38. Kf1 Be3 39. Re2 Rf7+ 40. Ke1 Bc1 41. Rf2 Rd7 42. Rc2 Bg5 43. a5 Bd8 44. a6 Bc8 45. Ke2 Ra7 46. Nd6 1-0

[Event "CoshCh"]
[Site "?"]
[Date "1980.??.??"]
[Round "?"]
[White "Langley, Arthur"]
[Black "Brameld, Arthur F"]
[Result "0-1"]
[WhiteElo "1725"]
[BlackElo "2135"]
[PlyCount "56"]
[EventDate "1980.??.??"]
[EventType "simul"]
[EventRounds "6"]

1. e4 Nf6 2. Nc3 d5 3. exd5 Nxd5 4. Qf3 e6 5. Bc4 Nb6 6. Qd3 Qh4 7. Bb3 Nc6 8. g3 Qd4 9. a3 Qxd3 10. cxd3 Nd4 11. Bd1 Bd7 12. h4 Bc6 13. Rh2 O-O-O 14. Nce2 Nf3+ 15. Nxf3 Bxf3 16. Bc2 Be7 17. Ng1 Bc6 18. b4 Bf6 19. Rb1 Bb5 20. Ke2 Rd7 21. Nf3 e5 22. Ke3 Nd5+ 23. Ke2 e4 24. Ne1 Re8 25. Kf1 Nb6 26. Kg1 exd3 27. Nxd3 Bxd3 28. Bxd3 Rxd3 0-1

[Event "Ports Lge"]
[Site "?"]
[Date "1980.??.??"]
[Round "?"]
[White "Brameld, Arthur F"]
[Black "Silber, Warwick"]
[Result "1/2-1/2"]
[WhiteElo "2135"]
[BlackElo "1840"]
[PlyCount "38"]
[EventDate "1980.??.??"]
[EventType "swiss"]

1. e4 e6 2. d4 d5 3. Nc3 Bb4 4. Nge2 dxe4 5. a3 Be7 6. Nxe4 Nd7 7. N2g3 Ngf6 8. Bd3 b6 9. O-O Bb7 10. Ng5 h6 11. Nh3 c5 12. dxc5 Bxc5 13. Qe2 O-O 14. Be3 Bxe3 15. Qxe3 Qc7 16. Nf4 Ng4 17. Qd2 Rad8 18. f3 Ngf6 19. Qe3 Nd5 1/2-1/2

[Event "Ports Lge"]
[Site "?"]
[Date "1980.??.??"]
[Round "?"]
[White "Wheeler, John F"]
[Black "Brameld, Arthur F"]
[Result "0-1"]
[WhiteElo "2135"]
[BlackElo "2135"]
[PlyCount "60"]
[EventDate "1980.??.??"]
[EventType "swiss"]

1. Nf3 f5 2. g3 Nf6 3. Bg2 d6 4. d4 c6 5. c4 Qc7 6. Bf4 g6 7. O-O Bg7 8. Nc3 O-O 9. d5 Na6 10. Nd4 Bd7 11. Rb1 Nc5 12. f3 Nh5 13. b4 Nxf4 14. gxf4 Na6 15. e3 cxd5 16. c5 Bxd4 17. Qxd4 dxc5 18. bxc5 e6 19. Nxd5 exd5 20. Qxd5+ Rf7 21. Rxb7 Bc6 22. Rxc7 Bxd5 23. Rxf7 Bxf7 24. Rc1 Rc8 25. c6 Nb4 26. e4 Rxc6 27. Rb1 Rb6 28. a3 Nd3 29. Rxb6 axb6 30. Bf1 Bc4 0-1

[Event "IntService"]
[Site "?"]
[Date "1980.??.??"]
[Round "?"]
[White "Baker, M."]
[Black "Brameld, Arthur F"]
[Result "1-0"]
[WhiteElo "1880"]
[BlackElo "2135"]
[PlyCount "74"]
[EventDate "1980.??.??"]
[EventType "simul"]
[EventRounds "3"]

1. e4 Nf6 2. Nc3 e5 3. f4 d5 4. fxe5 Nxe4 5. Nf3 Be7 6. Qe2 Nxc3 7. dxc3 O-O 8. Be3 c6 9. O-O-O Qa5 10. Kb1 b5 11. Qf2 f6 12. Bc5 Bxc5 13. Qxc5 Bg4 14. h3 Bxf3 15. gxf3 Qb6 16. Rxd5 cxd5 17. Qxd5+ Kh8 18. Qxa8 Rd8 19. Bxb5 Qxb5 20. Qxa7 Qxe5 21. Rg1 g6 22. Qf2 Nc6 23. Re1 Qd5 24. b3 Qa5 25. Kb2 Rb8 26. Qh4 Kg7 27. Re6 g5 28. Qe4 Ne5 29. Re7+ Nf7 30. h4 gxh4 31. Qxh4 Qg5 32. Qc4 Qg6 33. f4 Rf8 34. a4 h5 35. a5 h4 36. a6 h3 37. a7 Qg2 1-0

[Event "Friendly"]
[Site "?"]
[Date "1980.??.??"]
[Round "?"]
[White "Brameld, Arthur F"]
[Black "Carter, Roy"]
[Result "1-0"]
[WhiteElo "2135"]
[BlackElo "1805"]
[PlyCount "87"]
[EventDate "1980.??.??"]
[EventType "game"]

1. e4 e5 2. f4 exf4 3. Nf3 d6 4. Bc4 g5 5. h4 f6 6. Nxg5 fxg5 7. Qh5+ Kd7 8. hxg5 Bg7 9. O-O Bd4+ 10. Kh1 Qe8 11. Bf7 Qe5 12. Bxg8 h6 13. Qf7+ Kc6 14. Qd5+ Kb6 15. Qb3+ Kc6 16. Qd5+ Kd7 17. Be6+ Qxe6 18. Qxd4 Qe5 19. Qxe5 dxe5 20. g6 Rg8 21. d4 exd4 22. Bxf4 Rxg6 23. c3 Nc6 24. cxd4 Nxd4 25. Rd1 c5 26. Be5 Kc6 27. Bxd4 Rd6 28. Na3 cxd4 29. Rac1+ Kd7 30. Nc4 Rf6 31. Rxd4+ Ke7 32. Ne3 Be6 33. Rc7+ Kf8 34. Rd6 Rf7 35. Rxf7+ Kxf7 36. Nf5 Bxa2 37. Rxh6 b5 38. e5 b4 39. Rf6+ Ke8 40. e6 Rd8 41. e7 Rd1+ 42. Kh2 Re1 43. Rf8+ Kd7 44. Rd8+ 1-0

[Event "Ports Lge"]
[Site "?"]
[Date "1980.??.??"]
[Round "?"]
[White "Lambert, Glen"]
[Black "Brameld, Arthur F"]
[Result "1-0"]
[WhiteElo "2240"]
[BlackElo "2135"]
[PlyCount "51"]
[EventDate "1980.??.??"]
[EventType "swiss"]

1. d4 f5 2. Bg5 Nf6 3. Bxf6 exf6 4. e3 d5 5. Bd3 c6 6. Ne2 Bd6 7. c4 Be6 8. cxd5 Bxd5 9. Nbc3 Be6 10. d5 Bd7 11. O-O g6 12. dxc6 Bxc6 13. Nd4 Qe7 14. Bc4 Nd7 15. Nxc6 bxc6 16. Qa4 Qe5 17. g3 Qc5 18. Bb3 Rb8 19. Rac1 Be7 20. Nd5 Qd6 21. Rxc6 Qe5 22. Nxe7 Kxe7 23. Rd1 Rhd8 24. Qa3+ Nc5 25. Rxc5 Rxb3 26. Rxe5+ 1-0

[Event "Ports Lge"]
[Site "?"]
[Date "1980.??.??"]
[Round "?"]
[White "Brameld, Arthur F"]
[Black "Jones, John H"]
[Result "1/2-1/2"]
[WhiteElo "2135"]
[BlackElo "2080"]
[PlyCount "60"]
[EventDate "1980.??.??"]
[EventType "swiss"]

1. d4 Nf6 2. Bg5 e6 3. e4 h6 4. Bxf6 Qxf6 5. Nf3 d5 6. Nc3 Bb4 7. e5 Qe7 8. a3 Bxc3+ 9. bxc3 O-O 10. Bd3 c5 11. O-O Nc6 12. Re1 Bd7 13. Qd2 c4 14. Bf1 b5 15. g3 a5 16. Reb1 Rfb8 17. Nh4 Ra7 18. f4 Rab7 19. f5 exf5 20. Bh3 f4 21. Bxd7 Qxd7 22. gxf4 Qg4+ 23. Ng2 Ne7 24. Qf2 Nf5 25. Kh1 Qh3 26. Rg1 Qxc3 27. Rae1 Qxd4 28. Ne3 Nxe3 29. Rxe3 Qb6 30. Qg2 g6 1/2-1/2

[Event "IntService"]
[Site "?"]
[Date "1980.??.??"]
[Round "?"]
[White "Brameld, Arthur F"]
[Black "McMillan, C."]
[Result "1-0"]
[WhiteElo "2135"]
[BlackElo "2840"]
[PlyCount "37"]
[EventDate "1980.??.??"]
[EventType "simul"]
[EventRounds "3"]

1. e4 c5 2. Nf3 Nc6 3. b4 Nxb4 4. c3 Nc6 5. d4 e6 6. d5 Na5 7. Bd3 c4 8. Bc2 exd5 9. exd5 Nf6 10. O-O d6 11. Bg5 Be7 12. Bxf6 gxf6 13. Nd4 Bd7 14. Re1 b5 15. Nd2 Nb7 16. Bf5 Bxf5 17. Nxf5 Qc8 18. Qe2 O-O 19. Qg4+ 1-0

[Event "CoshCh"]
[Site "?"]
[Date "1980.??.??"]
[Round "?"]
[White "Gibson, Dave"]
[Black "Brameld, Arthur F"]
[Result "1-0"]
[WhiteElo "1900"]
[BlackElo "2135"]
[PlyCount "123"]
[EventDate "1980.??.??"]
[EventType "simul"]
[EventRounds "6"]

1. e4 c5 2. Nf3 Nc6 3. d4 cxd4 4. Nxd4 g6 5. Be2 Bg7 6. Be3 Nf6 7. Nc3 d6 8. O-O O-O 9. Nb3 Be6 10. f4 Qd7 11. h3 Rac8 12. g4 b6 13. f5 Bxb3 14. cxb3 Ne5 15. g5 Rxc3 16. bxc3 Nxe4 17. Bg4 Nxc3 18. Qe1 Nxg4 19. hxg4 Be5 20. Bf4 Bd4+ 21. Be3 Be5 22. Bf4 Rc8 23. Bxe5 dxe5 24. Qxe5 Qd2 25. fxg6 hxg6 26. Rae1 Rc5 27. Qxe7 Qd4+ 28. Rf2 Qxg4+ 29. Rg2 Qd4+ 30. Qe3 Qxe3+ 31. Rxe3 Nb5 32. Kf2 Nd4 33. Rg4 Ne6 34. b4 Rf5+ 35. Rf3 Rd5 36. Ra3 a5 37. bxa5 bxa5 38. Rga4 Rf5+ 39. Ke3 Re5+ 40. Kd3 Rd5+ 41. Ke4 Rxg5 42. Rxa5 Rg4+ 43. Kf3 f5 44. Ra7 Nd4+ 45. Kf2 Nb5 46. Ra8+ Kg7 47. Rg3 Rd4 48. Ra6 Nd6 49. Ke2 Kh6 50. Rd3 Re4+ 51. Re3 Rd4 52. Re6 Re4+ 53. Rxe4 Nxe4 54. a4 Kh5 55. a5 g5 56. Re6 Nc5 57. Re5 Nb3 58. Kd3 Nxa5 59. Rxa5 Kg4 60. Ke3 f4+ 61. Kf2 Kh4 62. Kf3 1-0

[Event "CoshCh"]
[Site "?"]
[Date "1980.??.??"]
[Round "?"]
[White "Brameld, Arthur F"]
[Black "Smith, D Snr"]
[Result "1/2-1/2"]
[WhiteElo "2135"]
[BlackElo "1895"]
[PlyCount "58"]
[EventDate "1980.??.??"]
[EventType "simul"]
[EventRounds "6"]

1. d4 Nf6 2. c4 g6 3. Nc3 Bg7 4. e4 d6 5. f4 c5 6. d5 O-O 7. Nf3 Re8 8. Bd3 e6 9. dxe6 Bxe6 10. O-O Bg4 11. h3 Bxf3 12. Qxf3 Nc6 13. Be3 Nd7 14. Rad1 f5 15. Bb1 Nd4 16. Bxd4 Bxd4+ 17. Kh1 Nf6 18. Rfe1 Qe7 19. e5 dxe5 20. fxe5 Bxe5 21. Bxf5 gxf5 22. Qxf5 Qe6 23. Qg5+ Kh8 24. Nd5 Nxd5 25. Rxd5 Bf6 26. Rxe6 Bxg5 27. Rxe8+ Rxe8 28. Rxg5 b6 29. Rg3 Re2 1/2-1/2

[Event "RNCC"]
[Site "?"]
[Date "1980.??.??"]
[Round "2"]
[White "Brameld, Arthur F"]
[Black "Nicholas, Paul"]
[Result "1-0"]
[WhiteElo "2135"]
[BlackElo "1760"]
[PlyCount "85"]
[EventDate "1980.??.??"]
[EventType "simul"]
[EventRounds "7"]

1. e4 c5 2. Nf3 d6 3. d4 cxd4 4. Qxd4 Nf6 5. Nc3 g6 6. e5 dxe5 7. Qxd8+ Kxd8 8. Nxe5 Be6 9. Bf4 a6 10. O-O-O+ Nbd7 11. Be2 Nh5 12. Bxh5 gxh5 13. Rxd7+ Bxd7 14. Rd1 Ke8 15. Nxd7 Rd8 16. Nxf8 Rxd1+ 17. Kxd1 Rxf8 18. Ne4 Rg8 19. g3 h4 20. b3 hxg3 21. hxg3 Rg6 22. c4 Kd7 23. Kc2 h6 24. Kc3 Kc6 25. b4 Re6 26. Nd2 h5 27. Nf3 Kd7 28. a4 Rf6 29. Ne5+ Ke6 30. Nd3 Rf5 31. Nc5+ Kf6 32. Be3 Rxc5 33. Bxc5 e5 34. Kd3 Kf5 35. Ke3 Ke6 36. f4 Kf5 37. fxe5 Kxe5 38. Bd4+ Kf5 39. Kf3 Kg5 40. b5 axb5 41. cxb5 h4 42. gxh4+ Kxh4 43. a5 1-0

[Event "RNCC"]
[Site "?"]
[Date "1980.??.??"]
[Round "3"]
[White "Atkins, G."]
[Black "Brameld, Arthur F"]
[Result "0-1"]
[WhiteElo "2800"]
[BlackElo "2135"]
[PlyCount "84"]
[EventDate "1980.??.??"]
[EventType "simul"]
[EventRounds "7"]

1. e4 Nf6 2. e5 Nd5 3. c4 Nb6 4. d4 d6 5. f4 g5 6. Nf3 g4 7. Nfd2 dxe5 8. fxe5 Qxd4 9. Nc3 Qe3+ 10. Be2 Qxe5 11. Nde4 Bf5 12. Ng3 e6 13. O-O Nc6 14. Bf4 Qc5+ 15. Kh1 Rd8 16. Qc1 Bd6 17. Nh5 Bxf4 18. Qxf4 Qe5 19. Qh6 Kd7 20. Nf6+ Kc8 21. Nxg4 Bxg4 22. Bxg4 Rd4 23. Rae1 Qc5 24. h3 Rd7 25. Qg7 Qd4 26. Rf6 Rhd8 27. Ref1 Nxc4 28. Qxh7 Ne3 29. R1f4 Qd2 30. Bf3 Qe1+ 31. Kh2 Nf1+ 32. Kh1 Ng3+ 33. Kh2 Nf1+ 34. Kh1 Nd2+ 35. Kh2 Nxf3+ 36. Rxf3 Qe5+ 37. Kg1 Nd4 38. Rf2 Qe1+ 39. Kh2 Nf5 40. Rxf7 Qxf2 41. Rxd7 Qg3+ 42. Kg1 Rxd7 0-1

[Event "RNCC"]
[Site "?"]
[Date "1980.??.??"]
[Round "4"]
[White "Brameld, Arthur F"]
[Black "Taylor, R."]
[Result "1-0"]
[WhiteElo "2135"]
[BlackElo "2620"]
[PlyCount "87"]
[EventDate "1980.??.??"]
[EventType "simul"]
[EventRounds "7"]

1. e4 c5 2. Nf3 Nc6 3. b4 Nf6 4. e5 Ng4 5. Bb2 Qc7 6. bxc5 Ncxe5 7. Nxe5 Nxe5 8. d4 Ng6 9. Nc3 e6 10. Nb5 Qb8 11. Be2 a6 12. Na3 b6 13. cxb6 Bxa3 14. Bxa3 Qxb6 15. Rb1 Qa5+ 16. Bb4 Qxa2 17. O-O Bb7 18. Bc5 Bd5 19. Qd2 Qa4 20. c4 Be4 21. Rb4 Qc6 22. f3 d6 23. Rb6 Qc7 24. Rxd6 Bb7 25. Qb4 O-O 26. Rb6 Bc6 27. Bxf8 Nxf8 28. Ra1 Qd7 29. c5 Ng6 30. Raxa6 Rxa6 31. Bxa6 h6 32. Bd3 f5 33. Bb5 Bxb5 34. Rxb5 Kh7 35. Rb6 Nf4 36. Qd2 e5 37. Rd6 Qb5 38. Kf2 Nd3+ 39. Kg3 f4+ 40. Kh3 exd4 41. Rxd4 Ne5 42. Qxf4 Ng6 43. Qf5 Qe8 44. Rg4 1-0

[Event "RNCC"]
[Site "?"]
[Date "1980.??.??"]
[Round "5"]
[White "Brameld, Arthur F"]
[Black "Hindle, J Grant"]
[Result "1-0"]
[WhiteElo "2135"]
[BlackElo "1630"]
[PlyCount "53"]
[EventDate "1980.??.??"]
[EventType "simul"]
[EventRounds "7"]

1. e4 e5 2. Nf3 Nc6 3. d4 exd4 4. c3 d5 5. exd5 Qxd5 6. cxd4 Bg4 7. Be2 O-O-O 8. Be3 Bb4+ 9. Nc3 Nf6 10. O-O Qd7 11. Qb3 Be6 12. Qa4 Ba5 13. Bb5 Bb6 14. Ne5 Qd6 15. Nxc6 Ng4 16. Ne5 c6 17. Be2 h5 18. Rac1 Bc7 19. Ne4 Qd5 20. Bf3 Nxe5 21. dxe5 Qxe5 22. g3 h4 23. Qxa7 Bd5 24. Nc5 Rde8 25. Qa8+ Bb8 26. Qxb7+ Kd8 27. Qd7# 1-0

[Event "RNCC"]
[Site "?"]
[Date "1980.??.??"]
[Round "6"]
[White "Farmer, R."]
[Black "Brameld, Arthur F"]
[Result "0-1"]
[WhiteElo "2865"]
[BlackElo "2135"]
[PlyCount "110"]
[EventDate "1980.??.??"]
[EventType "simul"]
[EventRounds "7"]

1. d4 f5 2. Nf3 Nf6 3. g3 d6 4. Bg2 c6 5. O-O Qc7 6. c4 e5 7. dxe5 dxe5 8. b3 Be7 9. e3 O-O 10. Qc2 Na6 11. a3 e4 12. Nd4 Nc5 13. Nc3 Nd3 14. f3 Nxc1 15. Qxc1 exf3 16. Rxf3 Qe5 17. Qc2 Ng4 18. Qd3 Bg5 19. Re1 Rd8 20. Qe2 Bxe3+ 21. Rxe3 Qxe3+ 22. Qxe3 Nxe3 23. Rxe3 Rxd4 24. c5 Bd7 25. Bf1 Re8 26. Bc4+ Rxc4 27. Rxe8+ Bxe8 28. bxc4 Bf7 29. Kf2 Bxc4 30. Ke3 Kf7 31. Kd4 Bf1 32. Ke5 g6 33. Nd1 Ke7 34. Nc3 Bd3 35. Nd1 b5 36. cxb6 axb6 37. Nc3 Bc2 38. Ne2 c5 39. Nc3 Kd7 40. Kd5 Be4+ 41. Kc4 Kc6 42. Kb3 Bd3 43. Nd1 Kd5 44. Kc3 Be2 45. Nb2 Ke4 46. a4 Kf3 47. Nc4 Kg2 48. Nxb6 Kxh2 49. a5 Kxg3 50. Nc4 Bf3 51. a6 h5 52. Nb6 h4 53. a7 h3 54. Kc4 h2 55. Nd5 Bxd5+ 0-1

[Event "Simul"]
[Site "?"]
[Date "1980.??.??"]
[Round "?"]
[White "Clarke, Peter H"]
[Black "Brameld, Arthur F"]
[Result "1/2-1/2"]
[WhiteElo "2295"]
[BlackElo "2135"]
[PlyCount "26"]
[EventDate "1980.??.??"]
[EventType "simul"]
[EventRounds "2"]

1. d4 Nf6 2. c4 g6 3. Nc3 d5 4. Nf3 Bg7 5. Bf4 O-O 6. e3 c5 7. Qb3 Nc6 8. dxc5 Qa5 9. Rc1 Qxc5 10. cxd5 Nxd5 11. Be2 Nxc3 12. bxc3 Be6 13. Qc2 Rac8 1/2-1/2

[Event "RNCC"]
[Site "?"]
[Date "1980.??.??"]
[Round "7"]
[White "Lewis, Ian"]
[Black "Brameld, Arthur F"]
[Result "0-1"]
[WhiteElo "2760"]
[BlackElo "2135"]
[PlyCount "42"]
[EventDate "1980.??.??"]
[EventType "simul"]
[EventRounds "7"]

1. d4 Nf6 2. c4 g6 3. Nc3 Bg7 4. e4 d6 5. Bd3 e5 6. d5 O-O 7. Nge2 Nbd7 8. O-O Nc5 9. f4 exf4 10. Bxf4 Ng4 11. Qd2 Ne5 12. Bxe5 Bxe5 13. g3 f5 14. exf5 Nxd3 15. Qxd3 Bxf5 16. Qd2 Qe7 17. Rae1 Bh3 18. Rxf8+ Rxf8 19. Nf4 Bxf4 20. gxf4 Rxf4 21. Qe2 Rg4+ 0-1

[Event "Ports Lge"]
[Site "?"]
[Date "1980.??.??"]
[Round "?"]
[White "Brameld, Arthur F"]
[Black "Newbury, Martin"]
[Result "1/2-1/2"]
[WhiteElo "2135"]
[BlackElo "2015"]
[PlyCount "47"]
[EventDate "1980.??.??"]
[EventType "swiss"]

1. d4 Nf6 2. Nc3 d5 3. Bg5 Nbd7 4. Nf3 h6 5. Bh4 e6 6. e3 Be7 7. Be2 O-O 8. O-O c5 9. Rb1 a6 10. dxc5 Nxc5 11. b4 Nce4 12. Nxe4 Nxe4 13. Bxe7 Qxe7 14. Qd4 Nd6 15. a4 Bd7 16. b5 axb5 17. axb5 Rfc8 18. Bd3 Be8 19. Nd2 Qc7 20. e4 Qc5 21. Qxc5 Rxc5 22. Nb3 Rc3 23. exd5 exd5 24. Nd4 1/2-1/2

[Event "IntService"]
[Site "?"]
[Date "1980.??.??"]
[Round "?"]
[White "Turner, Anthony"]
[Black "Brameld, Arthur F"]
[Result "1-0"]
[WhiteElo "2040"]
[BlackElo "2135"]
[PlyCount "81"]
[EventDate "1980.??.??"]
[EventType "simul"]
[EventRounds "3"]

1. c4 e5 2. Nc3 Nc6 3. Nf3 g6 4. g3 Bg7 5. Bg2 d6 6. d3 h6 7. h3 Be6 8. Rb1 Qd7 9. b4 Nge7 10. b5 Nd8 11. e4 O-O 12. Nd5 f5 13. Nxe7+ Qxe7 14. Nh4 Kh7 15. exf5 gxf5 16. O-O Qf7 17. Qc2 Bf6 18. Nf3 Rg8 19. Kh2 Qh5 20. Bd2 Nf7 21. Ng1 Rg7 22. Qd1 Qg6 23. Qf3 Rag8 24. Qxb7 e4 25. dxe4 Be5 26. Ne2 Qh5 27. Nf4 Bxf4 28. Bxf4 Bxc4 29. Rfe1 Bd3 30. Rbc1 Ng5 31. Bxg5 hxg5 32. Rxc7 Rxc7 33. Qxc7+ Rg7 34. Qxd6 fxe4 35. Bxe4+ Bxe4 36. Rxe4 Qf3 37. Qd4 Rf7 38. Kg1 Qf5 39. Re5 Qxh3 40. Rxg5 Rd7 41. Qe4+ 1-0

[Event "Hereford"]
[Site "?"]
[Date "1980.??.??"]
[Round "1"]
[White "Plant, M."]
[Black "Brameld, Arthur F"]
[Result "1/2-1/2"]
[WhiteElo "1960"]
[BlackElo "2175"]
[PlyCount "65"]
[EventDate "1980.??.??"]
[EventType "simul"]
[EventRounds "4"]

1. e4 Nf6 2. e5 Nd5 3. d4 d6 4. Nf3 g6 5. Bc4 Nb6 6. Bb3 Bg7 7. Ng5 d5 8. f4 O-O 9. O-O Nc6 10. c3 f6 11. Nf3 Be6 12. Qe2 Qd7 13. Bc2 Rae8 14. b3 Bg4 15. h3 Bxf3 16. Rxf3 fxe5 17. fxe5 Rxf3 18. Qxf3 Rf8 19. Qg3 Qe6 20. Nd2 Nxe5 21. dxe5 Bxe5 22. Qg4 Qd6 23. Nf3 Bxc3 24. Rb1 e5 25. Bb2 Bxb2 26. Rxb2 e4 27. Nd2 Qc5+ 28. Kh2 Qc3 29. Qe6+ Rf7 30. Rb1 Kg7 31. Rf1 Rxf1 32. Nxf1 Qxc2 33. Qe7+ 1/2-1/2

[Event "Hereford"]
[Site "?"]
[Date "1980.??.??"]
[Round "2"]
[White "Brameld, Arthur F"]
[Black "Richmond, Peter"]
[Result "1/2-1/2"]
[WhiteElo "2175"]
[BlackElo "2005"]
[PlyCount "57"]
[EventDate "1980.??.??"]
[EventType "simul"]
[EventRounds "4"]

1. e4 c5 2. Nf3 d6 3. d4 cxd4 4. Qxd4 Nc6 5. Bb5 Bd7 6. Bxc6 bxc6 7. c4 Qb6 8. Be3 Qxd4 9. Bxd4 e5 10. Be3 f5 11. exf5 Ne7 12. Nc3 Nxf5 13. Bd2 Nd4 14. Nxd4 exd4 15. Ne2 c5 16. Nf4 Bc6 17. O-O-O Kd7 18. Nd5 Bxd5 19. cxd5 Be7 20. Rde1 Rhe8 21. Re6 Bf6 22. Rhe1 Rxe6 23. Rxe6 Re8 24. Rxe8 Kxe8 25. b3 Kf7 26. Kc2 Be7 27. Kd3 Kf6 28. Ke4 Bd8 29. h3 1/2-1/2

[Event "Hereford"]
[Site "?"]
[Date "1980.??.??"]
[Round "3"]
[White "Hill, C."]
[Black "Brameld, Arthur F"]
[Result "1/2-1/2"]
[WhiteElo "2095"]
[BlackElo "2175"]
[PlyCount "53"]
[EventDate "1980.??.??"]
[EventType "simul"]
[EventRounds "4"]

1. c4 e5 2. g3 g6 3. Bg2 Bg7 4. Nc3 Nc6 5. Rb1 d6 6. b4 Bf5 7. d3 Qd7 8. e3 Nge7 9. h3 O-O 10. Nge2 h5 11. Nd5 Nd8 12. Nec3 c6 13. Nxe7+ Qxe7 14. g4 hxg4 15. hxg4 Bd7 16. Qf3 f5 17. Qh3 fxg4 18. Qh7+ Kf7 19. Be4 Qg5 20. Bd5+ Ne6 21. Ne4 Qe7 22. Rh6 cxd5 23. Qxg6+ Kg8 24. Qh7+ Kf7 25. Qg6+ Kg8 26. Qh7+ Kf7 27. Qg6+ 1/2-1/2